| 000 | 00000nam##2200000za#4500 |
| 001 | 9.641668 |
| 003 | CaOODSP |
| 005 | 20210624223328 |
| 007 | cr ||||||||||| |
| 008 | 150407|2009||||xxc|||||o f|0| 0 fre|d |
| 040 | |aCaOODSP|bfre |
| 043 | |an-cn--- |
| 086 | 1 |aH14-90/2009F-PDF |
| 110 | 1 |aCanada. |bSanté Canada. |
| 245 | 10|aVérification des recettes disponibles (frais d'utilisation) : |h[ressource électronique]|brapport de vérification final / |c[par] Bureau de la vérification et de la responsabilisation. |
| 260 | |aOttawa - Ontario : |bSanté Canada |cMai 2009. |
| 300 | |a17p.|bfigure, tableau |
| 590 | |a13-10-Supp|b2013-04-13 |
| 691 | 07|aFrais|2gcpds |
| 691 | 07|aRevenu|2gcpds |
| 775 | 08|tAudit of respendable revenues (user fees) : |w(CaOODSP)9.697633 |
| 856 | 40|ahttp://publications.gc.ca|qPDF|s146 Ko|uhttps://publications.gc.ca/collections/collection_2013/sc-hc/H14-90-2009-fra.pdf |